000 00586nam a2200229Ia 4500
003 OSt
005 20220928130313.0
006 a|||||r|||| 00| 0
007 ta
008 220927b |||||||| |||| 00| 0 eng d
024 _a34541
037 _cTextual
040 _aSDCL
_cSDCL
_beng
041 _2eng
_aeng
082 _aV2:2'N6, M4
100 _aPylee M V
_9403876
245 0 _aConstitutional government in India
260 _aNew Delhi
_bS Chand
_c1984
300 _axx,699p
_ccm.
942 _hV2:2'N6, M4
_cTEXL
_2CC
999 _c786001
_d786001